MAASAI MARA UNIVERSITY

LIBRARY CATALOGUE

Contact Us: +254 020 2685356/7 or 0774 057787

Box: 861-20500, NAROK, KENYA

Email: info@mmarau.ac.ke

_Persectives on Gerontological nursing Elizabeth Murrow Baines (Record no. 13350)

MARC details
000 -LEADER
fixed length control field 00457nam a2200157Ia 4500
008 - FIXED-LENGTH DATA ELEMENTS--GENERAL INFORMATION
fixed length control field 151021s9999 xx 000 0 und d
020 ## - INTERNATIONAL STANDARD BOOK NUMBER
International Standard Book Number 803937229
050 ## - LIBRARY OF CONGRESS CALL NUMBER
Classification number WY152 .P47 1991
245 ## - TITLE STATEMENT
Title _Persectives on Gerontological nursing Elizabeth Murrow Baines
260 ## - PUBLICATION, DISTRIBUTION, ETC. (IMPRINT)
Place of publication, distribution, etc. Califonia SAGE 1991
300 ## - PHYSICAL DESCRIPTION
Extent xviii,410p.
500 ## - GENERAL NOTE
General note Includes index.
500 ## - GENERAL NOTE
General note Includes index.
650 ## - SUBJECT ADDED ENTRY--TOPICAL TERM
Topical term or geographic name as entry element _Geriatric nursing
980 ## - EQUIVALENCE OR CROSS-REFERENCE-SERIES STATEMENT--PERSONAL NAME/TITLE [LOCAL, CANADA]
Personal name ^d20130515 04:57:20^oanne

No items available.

© 2016 Maasai Mara University.